[Event "Berlin Lichtenberger op 18th"]
[Site "Berlin"]
[Date "2019.08.24"]
[Round "8"]
[White "Eichstaedt, Torsten"]
[Black "Mueller, Johannes1111"]
[Result "0-1"]
[WhiteElo "1401"]
[BlackElo "1760"]
[PlyCount "42"]
[EventDate "2019.08.17"]
[EventType "swiss"]
[EventRounds "9"]
[EventCountry "GER"]
[SourceTitle "EXT 2020"]
[Source "ChessBase"]
[SourceDate "2019.10.17"]
[SourceVersion "1"]
[SourceVersionDate "2019.10.17"]
[SourceQuality "1"]

1. e4 c6 2. d4 d5 3. Nc3 dxe4 4. Nxe4 Bf5 5. Ng3 Bg6 6. Nf3 e6 7. Ne5 Nd7 8. Nxg6 hxg6 9. Ne2 Ngf6 10. Bg5 Bd6 11. g3 Qa5+ 12. Qd2 Qd5 13. Bf4 Bxf4 14. Nxf4 Qxh1 15. 0-0-0 Qxh2 16. Bg2 Qh7 17. Qb4 g5 18. Nxe6 fxe6 19. Re1 Qf5 20. Qd6 Kf7 21. g4 Qxg4 0-1

[Event "Berlin Lichtenberger op 18th"]
[Site "Berlin"]
[Date "2019.08.22"]
[Round "6"]
[White "Eichstaedt, Torsten"]
[Black "Dittrich, Hans Juergen"]
[Result "1-0"]
[WhiteElo "1401"]
[BlackElo "1284"]
[PlyCount "85"]
[EventDate "2019.08.17"]
[EventType "swiss"]
[EventRounds "9"]
[EventCountry "GER"]
[SourceTitle "EXT 2020"]
[Source "ChessBase"]
[SourceDate "2019.10.17"]
[SourceVersion "1"]
[SourceVersionDate "2019.10.17"]
[SourceQuality "1"]

1. e4 e5 2. Nf3 Nf6 3. Nxe5 Qe7 4. Nd3 Nxe4 5. Be2 Nc6 6. c3 g6 7. 0-0 Bg7 8. Bf3 f5 9. Re1 0-0 10. b3 d6 11. Nb2 Qf6 12. d4 d5 13. Bf4 Qd8 14. Qd3 Kh8 15. Bxe4 fxe4 16. Qg3 Bf5 17. Na3 a6 18. Nc2 Rc8 19. Ne3 Ne7 20. Na4 b6 21. Rad1 Ng8 22. Be5 Qd7 23. Bxg7+ Qxg7 24. Nxd5 Nf6 25. Nf4 Rfe8 26. Re3 Re7 27. Nb2 Ng4 28. Re2 Nf6 29. Rde1 Rd8 30. Nc4 g5 31. Nh3 Qh6 32. Ne5 Bxh3 33. gxh3 Qh4 34. Nc6 Qxg3+ 35. hxg3 Rdd7 36. Nxe7 Rxe7 37. f3 h5 38. fxe4 Kg7 39. c4 c6 40. e5 Nd7 41. Rf1 a5 42. Ref2 Kg8 43. Rf5 1-0